| 000 | 01089cam a2200277 a 4500 | ||
|---|---|---|---|
| 001 | 4925439 | ||
| 003 | NUST-PNEC | ||
| 005 | 20170116180738.0 | ||
| 008 | 950623s1995 maua 001 0 eng | ||
| 010 | _a 95024492 | ||
| 020 | _a0201633892 | ||
| 040 |
_aDLC _cPNEC _dDLC |
||
| 050 | 0 | 0 |
_aTK5105.888 _b.S74 1995 |
| 082 | 0 | 0 |
_a005.75 STE _220 |
| 100 | 1 |
_aStein, Lincoln D., _d1960- |
|
| 245 | 1 | 0 |
_aHow to set up and maintain a World Wide Web site : the guide for information providers / _cLincoln D. Stein. |
| 260 |
_aReading, Mass. : _bAddison-Wesley Pub. Co., _cc1995. |
||
| 300 |
_axv, 469 p. : _bill. ; _c24 cm. |
||
| 500 | _aIncludes index. | ||
| 650 | 0 | _aWeb sites. | |
| 650 | 0 |
_aWeb servers. _xComputer, MIS |
|
| 856 | _uhttp://www.amazon.com/How-Maintain-World-Wide-Site/dp/0201633892/ref=sr_1_1?s=books&ie=UTF8&qid=1418067149&sr=1-1&keywords=0201633892 | ||
| 906 |
_a7 _bcbc _corignew _d1 _eocip _f19 _gy-gencatlg |
||
| 942 |
_2ddc _cBK |
||
| 999 |
_c62066 _d62066 |
||